1918 1552 1236 1272 1826 1738 1805 1016 1943 1601 1250 1359 1463 1440 1634 1938 1452 1885 1839 1718 1676 1454 1701 1594 1841 1690 1528 1176 1982 1110 1029 1167 1537 1169 1209 1040 1343 1366 1966 1687 1154 1899 1425 1674 1691 1021 1833 1201 1241 1747 1257 1335 1282 1644 1662 1055 1707 1498 1027 1538 1957 1438 1749 1159 1008 1440 1693 1866 1478 1223 1840 1955 1232 1678 1625 1978 1777 1370 1053 1515 1436 1328 1732 1104 1703 1349 1607 1088 1756 1098 1983 1962 1492 1284 1863 1608 1756 1428 1129 BCNSPRNW ULIB Ver.6.0+V

เปลี่ยนเป็นภาษาไทย

Change to English
 แสดงรายละเอียดบรรณานุกรม
  กลับหน้าหลัก

Brief Record : Get Marc (ISO 2709) : E-mail record : QR code < ปิดหน้าต่าง
LEADER : 00000nam 2200000uu 4500
001    13399114703
003     ULIB
008    020711s2550 th a 000 0 tha d
099    ^aวจ.HM 132 จ533ค
100    ^aจิรพร จันทรมณี, สุภาเพ็ญ ปาณะวัฒนพิสุทธิ์ และนภัสวรรณ บุญประเสริฐ
245    ^aความพึงพอใจของบุคลากรต่อระบบการบริหารของวิทยาลัยพยาบาลบรมราชชนนี สวรรค์ประชารักษ์ นครสวรรค์
260    ^aนครสวรรค์ :^bวิทยาลัยพยาบาลบรมราชชนนี สวรรค์ประชารักษ์ นครสวรรค์,^c2550
300    ^a73 หน้า;^b29 ซม.
650    การบริหาร^xวิจัย
945    ^p0^l0^i031719
995    เกษร
999 ^a ใช้งานได้ทุกระบบ
รายการนี้ยังไม่มีแท็ก
คุณยังไม่ได้ล็อกอิน คุณสามารถมีกิจกรรมร่วมกับเว็บไซต์ได้ แต่ต้องล็อกอินก่อน ::
  ล็อกอิน

รายการสื่อสารสนเทศ

ลำดับที่ ประเภท เลขเรียก/บาร์โค้ด สถานที่ สถานะ
1. งานวิจัย
งานวิจัย
วจ.HM 132 จ533ค ฉ.1 
  Barcode: 031719
ห้องสมุดวิทยาเขตสวรรค์ประชารักษ์
►วิจัย
บนชั้น

รายการใกล้เคียง
    ชื่อเรื่อง [ความพึงพอใจของบุคลากรต่อระบบการบริหารของวิทยาลัยพยาบาลบรมราชชนนี สวรรค์ประชารักษ์ นครสวรรค์]

BibComment


ยังไม่เคยถูกคอมเมนท์

คอมเมนท์ทรัพยากรรายการนี้
  คอมเมนท์: ความพึงพอใจของบุ..


 Copyright 2026. Bcnsprnw @Library